| 000 | 01032nam a22003017a 4500 | ||
|---|---|---|---|
| 003 | CHAP | ||
| 005 | 20220329134000.0 | ||
| 008 | 971013s1984 r 00010 d | ||
| 010 | _a13583 | ||
| 011 | _a14555 | ||
| 035 | _a18629 | ||
| 040 | _cCHAP | ||
| 082 |
_a972.014 _bC38 |
||
| 100 | 0 | 0 |
_aCastillo F., Víctor M. _920120 |
| 245 |
_aEstructura económica de la sociedad mexica _b: según las fuentes documentales |
||
| 260 |
_aMéxico, D.F. : _bUNAM. Instituto de Investigaciones Históricas, _c1984 |
||
| 300 |
_a193 p. _b: ilus. |
||
| 490 |
_aSerie de cultura nahuátl. Monografía _v; 13 |
||
| 590 |
_aBATCH-UPD _b10 _c20130110 _lUCH01 _h1206 |
||
| 590 |
_aBATCH-UPD _b10 _c20130410 _lUCH01 _h0747 |
||
| 590 |
_aBATCH-UPD _b10 _c20130914 _lUCH01 _h0512 |
||
| 590 |
_aCONVERSION _b10 _c20130109 _lUCH01 _h1309 |
||
| 650 | 1 | 4 |
_aAztecas. _99195 |
| 830 | 0 |
_aSerie de cultura nahuátl. Monografía _v; 13 _9104700 |
|
| 901 | _aBK | ||
| 942 | _cLIBRO | ||
| 949 |
_a972.014 C38 _bBC _cLIBRO _d33724000151429 _eLIBRO _gI.c/e _h69199 _i18629 _si |
||
| 999 |
_c13583 _d13583 |
||